| 000 | 00726nam a2200193 a 4500 | ||
|---|---|---|---|
| 001 | 916 | ||
| 003 | CO-ViMGA | ||
| 008 | 141112s2004 ck r 000 u spa d | ||
| 040 |
_aCO-ViMGA _bspa _cCO-ViMGA |
||
| 082 | 0 | 4 | _a620.112 D351 |
| 100 | 1 |
_aDelachet, Andre _948884 |
|
| 245 | 1 | 0 | _aLa resistencia de los materiales |
| 260 |
_aBarcelona ; Oikos - tau, _c1970 |
||
| 300 | _a127 p | ||
| 490 | _aQue se?, 18 | ||
| 505 | _aLa estática gráfica 9 - - Sistemas isostáticos e hiperestaticos 26 - - Equilibrio en construcciones de albañileria 41 - - Estado actual de las nociones de elasticidad y plasticidad 72 - - Análisis matemático de los esfuerzos 107 | ||
| 650 | 1 | 4 |
_aRESISTENCIA DE MATERIALES _948885 |
| 942 |
_2ddc _cBK |
||
| 999 |
_c13143 _d13143 |
||